01562 2200433 4500001002100000005001500021035002000036007000300056008004100059020002200100040002200122082001600144084001800160090002200178090002200200100003100222245027400253250003000527300005100557650003000608700002900638700002900667700002600696700003500722700002900757700003200786700002700818700002800845700003500873700003300908850001200941041000800953264004900961336002101010337003001031338002301061999002201084990002201106INLIS00000000085053720190821094744 a0010-0819000439ta190821s2019 yoia g j ind d a978-602-51611-7-9 aYOPDYOGbindcrda04223a808.301 a808.301 ANG g aDEP 808.301 ANG g aCB-D.11 2019-11620 aAnggi Nur Cahyaniepenulis12aGoresan cinta para pejuang :bpernak-pernik perjuangan mendidik /cpenulis, Anggi Nur Cahyani, Murwati Widiani, Indra Kurniawan Hasan Riyadi, Novianto Ari Prihatin, Aprian Resahadi, Ririn Setyaningsih, Ana Sari Putri, Yoma Taufani Okta F.Y; penyunting, Viki Adi Nugroho aCetakan pertama, Mei 2019 axii, 115 halaman :bilustrasi, gambar ;c20 cm 4aCerita pendek--vKumpulan0 aMurwati Widianiepenulis0 aIndra Kurniawangpenulis0 aHasan Riyadigpenulis0 aNovianto Ari Prihatingpenulis0 aAprian Resahadigpenulis0 aRirin Setyaningsihgpenulis0 aYusuf Hamdanigpenulis0 aAna Sari Putrigpenulis0 aYoma Taufani Okta F.Ygpenulis0 aViki Adi Nugrohogpenyunting aYOPDYOG0 aind3 aYogyakarta :bGaza Library Publishing,c2019 2rdacontentateks 2rdamediaatanpa perantara 2rdacarrieravolume aCB-D.11/2019-1162 aCB-D.11/2019-1162